[Event "Bucaramanga op"]
[Site "Bucaramanga"]
[Date "2023.09.06"]
[Round "1"]
[White "Gomez Guardo, Laura Melissa"]
[Black "Pinzon, Jairo David"]
[Result "1-0"]
[WhiteElo "1834"]
[BlackElo "2182"]
[PlyCount "75"]
[EventDate "2023.09.06"]
[EventType "swiss"]
[EventRounds "9"]
[EventCountry "COL"]
[SourceTitle "EXT 2024"]
[Source "ChessBase"]
[SourceDate "2023.10.10"]
[SourceVersion "1"]
[SourceVersionDate "2023.10.10"]
[SourceQuality "1"]

1. d4 c5 2. d5 b5 3. e4 a6 4. c4 b4 5. Qc2 d6 6. Be3 g6 7. Nd2 Bg7 8. f4 Nf6 9. h3 0-0 10. Bd3 e6 11. Ne2 exd5 12. exd5 Re8 13. Bf2 a5 14. 0-0 a4 15. Rae1 a3 16. b3 Nbd7 17. Nf3 Qc7 18. g4 Nf8 19. Kg2 Ra7 20. Ng3 h6 21. g5 Rxe1 22. Rxe1 hxg5 23. Nxg5 Qd8 24. Rh1 Bh6 25. h4 Bg4 26. f5 Nh5 27. Be3 f6 28. Nf7 Rxf7 29. Bxh6 Nxg3 30. Kxg3 gxf5 31. Bxf5 Bxf5 32. Qxf5 Qd7 33. Kf4 Rh7 34. Rg1+ Kf7 35. Qxh7+ Nxh7 36. Rg7+ Ke8 37. Rxd7 Kxd7 38. Kf5 1-0

[Event "COL-ch (Women)"]
[Site "Cartagena"]
[Date "2023.06.11"]
[Round "7"]
[White "Gomez Guardo, Laura Melissa"]
[Black "Hernandez Bermudez, Manuela"]
[Result "1/2-1/2"]
[WhiteElo "1845"]
[BlackElo "1883"]
[PlyCount "68"]
[EventDate "2023.06.08"]
[EventType "swiss"]
[EventRounds "9"]
[EventCountry "COL"]
[SourceTitle "CBM 215 Extra"]
[Source "ChessBase"]
[SourceDate "2023.09.30"]
[SourceVersion "1"]
[SourceVersionDate "2023.09.30"]
[SourceQuality "1"]

1. d4 Nf6 2. c4 g6 3. Nc3 d5 4. cxd5 Nxd5 5. e4 Nxc3 6. bxc3 Bg7 7. Nf3 c5 8. Be3 Nc6 9. Rc1 Qa5 10. Qd2 Bg4 11. d5 Bxf3 12. gxf3 Ne5 13. Be2 h5 14. h3 Nd7 15. f4 Rd8 16. c4 Qxd2+ 17. Kxd2 0-0 18. Rb1 b6 19. Rhg1 Kh7 20. Rg2 Bh6 21. Rbg1 Rg8 22. Kc2 Rg7 23. Bd2 Rgg8 24. f5 Bxd2 25. Kxd2 gxf5 26. Rxg8 Rxg8 27. Rxg8 Kxg8 28. exf5 Nf6 29. Ke3 Kg7 30. Kf4 Kh6 31. Bf3 Nd7 32. Be2 Nf6 33. Bf3 Nd7 34. Be2 Nf6 1/2-1/2

[Event "COL-ch (Women)"]
[Site "Cartagena"]
[Date "2023.06.10"]
[Round "5"]
[White "Pachon Gutierrez, Adriana Paola"]
[Black "Gomez Guardo, Laura Melissa"]
[Result "1-0"]
[WhiteElo "2024"]
[BlackElo "1845"]
[PlyCount "127"]
[EventDate "2023.06.08"]
[EventType "swiss"]
[EventRounds "9"]
[EventCountry "COL"]
[SourceTitle "CBM 215 Extra"]
[Source "ChessBase"]
[SourceDate "2023.09.30"]
[SourceVersion "1"]
[SourceVersionDate "2023.09.30"]
[SourceQuality "1"]

1. b3 Nf6 2. Bb2 g6 3. e3 Bg7 4. f4 d6 5. Nf3 0-0 6. Be2 Nc6 7. 0-0 e5 8. Bb5 e4 9. Bxc6 bxc6 10. Nd4 c5 11. Ne2 a5 12. c4 Qe7 13. Nbc3 Bd7 14. Qc2 Rfe8 15. Ng3 h5 16. Nd5 Nxd5 17. Bxg7 Kxg7 18. cxd5 Bb5 19. Rf2 h4 20. Ne2 f6 21. Nc3 Bd3 22. Qd1 Qd7 23. Na4 Qf5 24. Nc3 Rh8 25. h3 Rh5 26. Qc1 Qd7 27. Qb2 Rb8 28. Qa3 Ra8 29. Qb2 Rb8 30. Qa3 Ra8 31. Rc1 Rhh8 32. Na4 Rhb8 33. Nb2 Qb5 34. Nxd3 Qxd3 35. Qa4 Qxd5 36. f5 g5 37. Qd7+ Qf7 38. Qc6 Qe7 39. Rc4 Re8 40. Ra4 Kh6 41. Rf1 Ra7 42. Rc1 Qe5 43. Qb5 Re7 44. Qb8 c6 45. Qh8+ Rh7 46. Qf8+ Rhg7 47. Rf1 Qe7 48. Qh8+ Rh7 49. Qc8 Rc7 50. Qa8 Rf7 51. Rxa5 Rf8 52. Qa6 Rb8 53. Qc4 Kg7 54. Qe2 Rb4 55. Ra8 Ra7 56. Rxa7 Qxa7 57. Rc1 Kh6 58. Rc2 Qd7 59. Qg4 Qf7 60. g3 hxg3 61. Qxg3 Qh5 62. Rc1 Qf3 63. Qxd6 Qxf5 64. Rf1 1-0

[Event "COL-ch (Women)"]
[Site "Cartagena"]
[Date "2023.06.08"]
[Round "1"]
[White "Gomez Guardo, Laura Melissa"]
[Black "Diaz Gonzalez, Ana Sofia"]
[Result "1-0"]
[WhiteElo "1845"]
[BlackElo "1444"]
[PlyCount "123"]
[EventDate "2023.06.08"]
[EventType "swiss"]
[EventRounds "9"]
[EventCountry "COL"]
[SourceTitle "CBM 215 Extra"]
[Source "ChessBase"]
[SourceDate "2023.09.30"]
[SourceVersion "1"]
[SourceVersionDate "2023.09.30"]
[SourceQuality "1"]

1. d4 d5 2. c4 e6 3. Nc3 Be7 4. Nf3 Nf6 5. Bg5 h6 6. Bf4 0-0 7. e3 b6 8. Be2 Bb7 9. h3 c5 10. 0-0 Nc6 11. Rc1 Rc8 12. dxc5 Bxc5 13. Qa4 Qe7 14. cxd5 exd5 15. Rfd1 Rfd8 16. a3 a5 17. Bf1 Qe6 18. Nb5 g5 19. Bh2 Ne4 20. Nfd4 Nxd4 21. exd4 Be7 22. Rxc8 Rxc8 23. Qb3 Nd6 24. Na7 Ra8 25. Qxb6 Qd7 26. Nb5 Ra6 27. Qc7 Qxc7 28. Nxc7 Ra7 29. Re1 Bf8 30. Bxd6 Bxd6 31. Re8+ Kg7 32. Nb5 Ra6 33. Nxd6 Rxd6 34. b4 axb4 35. axb4 Re6 36. Rxe6 fxe6 37. f3 Kf6 38. Kf2 Kf5 39. Ke3 e5 40. Bd3+ Kf6 41. b5 h5 42. g3 Bc8 43. dxe5+ Kxe5 44. f4+ gxf4+ 45. gxf4+ Kf6 46. h4 Bb7 47. Kd4 Ke6 48. Kc5 Kd7 49. Bf5+ Kc7 50. Bg6 d4 51. Kxd4 Kb6 52. Be8 Bf3 53. f5 Kc7 54. f6 Kd6 55. f7 Ke7 56. Kc5 Bg2 57. Bc6 Bf1 58. b6 Ba6 59. Bd5 Bc8 60. Kc6 Kf8 61. b7 Bxb7+ 62. Kxb7 1-0

[Event "COL-chT (Women)"]
[Site "Santa Marta"]
[Date "2022.11.05"]
[Round "6.3"]
[White "Gomez Guardo, Laura Melissa"]
[Black "Varela Garcia, Maria de los Angele"]
[Result "0-1"]
[WhiteElo "1871"]
[BlackElo "1778"]
[PlyCount "44"]
[EventDate "2022.11.02"]
[EventType "team-swiss"]
[EventRounds "7"]
[EventCountry "COL"]
[SourceTitle "CBM 211 Extra"]
[Source "ChessBase"]
[SourceDate "2023.01.31"]
[SourceVersion "1"]
[SourceVersionDate "2023.01.31"]
[SourceQuality "1"]
[WhiteTeam "Bolivar (W)"]
[BlackTeam "Antioquia (W) II"]
[WhiteTeamCountry "COL"]
[BlackTeamCountry "COL"]

1. d4 Nf6 2. c4 g6 3. Nc3 Bg7 4. e4 d6 5. f3 0-0 6. Be3 c5 7. d5 e6 8. Qd2 exd5 9. cxd5 a6 10. a4 Re8 11. Nge2 Nbd7 12. h4 h5 13. Nf4 Ne5 14. Be2 Qa5 15. Kf2 Nh7 16. Ra2 f5 17. Nb1 Qc7 18. exf5 Bxf5 19. Na3 Nf6 20. Re1 Neg4+ 21. Kg1 Nxe3 22. Bd1 Nxd1 0-1

[Event "COL-chT (Women)"]
[Site "Santa Marta"]
[Date "2022.11.05"]
[Round "7.3"]
[White "Rincon Fuquen, Angie Lizeth"]
[Black "Gomez Guardo, Laura Melissa"]
[Result "1-0"]
[WhiteElo "1483"]
[BlackElo "1871"]
[PlyCount "71"]
[EventDate "2022.11.02"]
[EventType "team-swiss"]
[EventRounds "7"]
[EventCountry "COL"]
[SourceTitle "CBM 211 Extra"]
[Source "ChessBase"]
[SourceDate "2023.01.31"]
[SourceVersion "1"]
[SourceVersionDate "2023.01.31"]
[SourceQuality "1"]
[WhiteTeam "Boyaca (W)"]
[BlackTeam "Bolivar (W)"]
[WhiteTeamCountry "COL"]
[BlackTeamCountry "COL"]

1. d4 Nf6 2. g3 g6 3. Bg2 Bg7 4. e4 d6 5. Nc3 0-0 6. h3 Nbd7 7. Nge2 e5 8. Be3 a6 9. a4 exd4 10. Bxd4 Re8 11. 0-0 Nf8 12. g4 h6 13. f4 Ne6 14. Be3 c6 15. Qd2 Qe7 16. Ng3 Nc5 17. Bxc5 dxc5 18. e5 Nh7 19. Rae1 Be6 20. f5 gxf5 21. gxf5 Qd7 22. Qf4 Bd5 23. f6 Bxg2 24. Kxg2 Bf8 25. Nf5 Kh8 26. Kh1 Rad8 27. Rg1 Qd2 28. Qg4 Qg5 29. Qf3 Qd2 30. Re2 Ng5 31. Qg3 Qd7 32. Qg4 c4 33. h4 Bc5 34. Rgg2 Rg8 35. hxg5 Rxg5 36. Qh4 1-0

[Event "COL-chT (Women)"]
[Site "Bucaramanga"]
[Date "2022.09.09"]
[Round "6.2"]
[White "Morales Serrano, Katty Dayana"]
[Black "Gomez Guardo, Laura Melissa"]
[Result "0-1"]
[WhiteElo "1634"]
[BlackElo "1855"]
[PlyCount "116"]
[EventDate "2022.09.06"]
[EventType "team-swiss"]
[EventRounds "6"]
[EventCountry "COL"]
[SourceTitle "CBM 210 Extra"]
[Source "ChessBase"]
[SourceDate "2022.11.30"]
[SourceVersion "1"]
[SourceVersionDate "2022.11.30"]
[SourceQuality "1"]
[WhiteTeam "Guajira (W)"]
[BlackTeam "Bolivar (W)"]
[WhiteTeamCountry "COL"]
[BlackTeamCountry "COL"]

1. e4 c5 2. Nf3 d6 3. Nc3 Nf6 4. d4 cxd4 5. Nxd4 a6 6. Bc4 e6 7. 0-0 Qc7 8. Bb3 Nbd7 9. Re1 Nc5 10. Bg5 Be7 11. Qd2 b5 12. a3 h6 13. Bh4 Nfxe4 14. Nxe4 Bxh4 15. Nf3 Nxe4 16. Rxe4 Bf6 17. c3 0-0 18. Rd1 Rd8 19. Ree1 Bb7 20. Qd3 Qc5 21. Bc2 Qh5 22. h3 Bxf3 23. Qxf3 Qxf3 24. gxf3 Rac8 25. Rd3 a5 26. Red1 Be5 27. Bb1 Kf8 28. Re1 Ke7 29. h4 Rc5 30. Kg2 Rdc8 31. Kh3 Bf6 32. Red1 R8c6 33. Re3 Rc4 34. Be4 R6c5 35. b4 axb4 36. axb4 Rh5 37. Ra1 Rxh4+ 38. Kg3 g5 39. Ra7+ Kf8 40. Rb7 Bxc3 41. Rxb5 Rxb4 42. Rxb4 Bxb4 43. Rb3 Bc5 44. Rb8+ Kg7 45. Rb7 Rf4 46. Bb1 h5 47. Ba2 h4+ 48. Kg2 Kf6 49. Rb3 g4 50. fxg4 Rxg4+ 51. Kh3 Kg5 52. Rf3 Rf4 53. Rxf4 Kxf4 54. Kxh4 Bxf2+ 55. Kh5 d5 56. Kh6 f5 57. Kg6 Ke5 58. Kg5 Be3+ 0-1

[Event "FISU World University"]
[Site "Tornelo INT"]
[Date "2020.10.26"]
[Round "3.28"]
[White "Usupbekova, Zarina"]
[Black "Gomez Guardo, Laura Melissa"]
[Result "0-1"]
[WhiteElo "1573"]
[BlackElo "1875"]
[PlyCount "106"]
[EventDate "2020.10.26"]
[EventType "team-swiss (rapid)"]
[EventRounds "9"]
[EventCountry "NET"]
[SourceTitle "CBM 199 Extra"]
[Source "ChessBase"]
[SourceDate "2021.01.31"]
[SourceVersion "1"]
[SourceVersionDate "2021.01.31"]
[SourceQuality "1"]
[WhiteTeam "Kyrgyzstan"]
[BlackTeam "Colombia III"]
[WhiteTeamCountry "KGZ"]
[BlackTeamCountry "COL"]

1. e4 c5 2. f4 d6 3. Nf3 Nc6 4. Bb5 Bd7 5. d3 a6 6. Bxc6 Bxc6 7. 0-0 e6 8. Qe2 Qc7 9. Nbd2 Be7 10. a3 h6 11. e5 g5 12. exd6 Bxd6 13. Ne5 Bxe5 14. fxe5 0-0-0 15. Nc4 Rf8 16. Be3 b6 17. b4 Ne7 18. bxc5 b5 19. Nd6+ Kb8 20. Nxf7 Nf5 21. Nxh8 Rxh8 22. c4 Rg8 23. cxb5 axb5 24. a4 bxa4 25. Rfb1+ Kc8 26. Bf2 h5 27. Qxh5 Qxe5 28. Re1 Qd5 29. Qg4 Kd7 30. d4 Nh6 31. Qg3 Nf5 32. Qf3 Qc4 33. Qh5 Qd5 34. Qf7+ Ne7 35. Qf3 Qc4 36. Qg3 Nf5 37. Qe5 g4 38. Rac1 Qd5 39. Qxd5+ Bxd5 40. Ra1 Ra8 41. Reb1 a3 42. Rb6 a2 43. h4 gxh3 44. gxh3 Rg8+ 45. Kf1 Rh8 46. h4 Nxh4 47. Rd6+ Ke7 48. Re1 Bc4+ 49. Kg1 Nf3+ 50. Kg2 Nxe1+ 51. Bxe1 a1Q 52. Bg3 Qa2+ 53. Kf3 Rf8+ 0-1

[Event "COL-ch U20 Girls"]
[Site "Tolima"]
[Date "2020.02.15"]
[Round "6"]
[White "Ruiz Jaraba, Valentina Sofia"]
[Black "Gomez Guardo, Laura Melissa"]
[Result "0-1"]
[WhiteElo "1708"]
[BlackElo "1888"]
[PlyCount "56"]
[EventDate "2020.02.12"]
[EventType "swiss"]
[EventRounds "7"]
[EventCountry "COL"]
[SourceTitle "CBM 195 Extra"]
[Source "ChessBase"]
[SourceDate "2020.05.31"]
[SourceVersion "1"]
[SourceVersionDate "2020.05.31"]
[SourceQuality "1"]

1. e4 g6 2. d4 d6 3. Nf3 a6 4. a4 Bg7 5. Bd3 Nd7 6. c3 h6 7. Nbd2 e5 8. dxe5 dxe5 9. Nc4 Qe7 10. 0-0 Ngf6 11. b3 Nh5 12. Ne3 Nc5 13. Nd5 Qd8 14. Bc2 0-0 15. Ba3 b6 16. b4 Ne6 17. c4 c6 18. Ne3 Qc7 19. Qe1 Nd4 20. Bd1 Nf4 21. Nc2 Be6 22. Qe3 Bxc4 23. Re1 Rfd8 24. Qc3 b5 25. Kh1 Nb3 26. Ne3 Rd3 27. Qb2 Nxa1 28. Qxa1 Rd7 0-1

[Event "COL-ch U20 Girls"]
[Site "Tolima"]
[Date "2020.02.14"]
[Round "4"]
[White "Suaza Sanabria, Laura Sofia"]
[Black "Gomez Guardo, Laura Melissa"]
[Result "0-1"]
[WhiteElo "1405"]
[BlackElo "1888"]
[PlyCount "48"]
[EventDate "2020.02.12"]
[EventType "swiss"]
[EventRounds "7"]
[EventCountry "COL"]
[SourceTitle "CBM 195 Extra"]
[Source "ChessBase"]
[SourceDate "2020.05.31"]
[SourceVersion "1"]
[SourceVersionDate "2020.05.31"]
[SourceQuality "1"]

1. e4 c5 2. Nf3 d6 3. d4 cxd4 4. Nxd4 Nf6 5. Nc3 a6 6. g3 e5 7. Nb3 Be6 8. h3 Nc6 9. Be3 Rc8 10. Bg2 h6 11. Qd2 Ne7 12. 0-0-0 Ng6 13. f4 exf4 14. gxf4 Qc7 15. Nd5 Nxd5 16. exd5 Bd7 17. c3 Be7 18. Bd4 0-0 19. Qf2 b5 20. h4 b4 21. h5 Nxf4 22. Kb1 bxc3 23. Bxc3 Bf5+ 24. Ka1 Bg5 0-1

[Event "COL-ch U20 Girls"]
[Site "Tolima"]
[Date "2020.02.13"]
[Round "2"]
[White "Pinillo Canon, Silvana"]
[Black "Gomez Guardo, Laura Melissa"]
[Result "1-0"]
[WhiteElo "1678"]
[BlackElo "1888"]
[PlyCount "51"]
[EventDate "2020.02.12"]
[EventType "swiss"]
[EventRounds "7"]
[EventCountry "COL"]
[SourceTitle "CBM 195 Extra"]
[Source "ChessBase"]
[SourceDate "2020.05.31"]
[SourceVersion "1"]
[SourceVersionDate "2020.05.31"]
[SourceQuality "1"]

1. e4 c5 2. Nf3 d6 3. d4 cxd4 4. Nxd4 Nf6 5. Nc3 a6 6. Be2 e6 7. Be3 Nc6 8. 0-0 Be7 9. f4 Qc7 10. a4 Nxd4 11. Qxd4 h5 12. Kh1 h4 13. Bf3 e5 14. Qd1 exf4 15. Bxf4 Qc5 16. Qd2 Be6 17. Rad1 Rd8 18. Be3 Qb4 19. Rfe1 Ng4 20. Bxg4 Bxg4 21. Nd5 Qxd2 22. Rxd2 f6 23. Bd4 Kf7 24. Bc3 h3 25. Rd3 Bf8 26. Bb4 1-0

[Event "COL-chT 21st"]
[Site "Cartagena"]
[Date "2019.11.30"]
[Round "9.4"]
[White "Gomez Guardo, Laura Melissa"]
[Black "Ruiz Jaraba, Valentina Sofia"]
[Result "1-0"]
[WhiteElo "2013"]
[BlackElo "1482"]
[PlyCount "53"]
[EventDate "2019.11.30"]
[EventType "team-swiss"]
[EventRounds "9"]
[EventCountry "COL"]
[SourceTitle "CBM 195 Extra"]
[Source "ChessBase"]
[SourceDate "2020.05.31"]
[SourceVersion "1"]
[SourceVersionDate "2020.05.31"]
[SourceQuality "1"]
[WhiteTeam "Bolivar"]
[BlackTeam "Atlantico"]
[WhiteTeamCountry "COL"]
[BlackTeamCountry "COL"]

1. d4 d5 2. c4 c6 3. Nc3 Nf6 4. Bg5 Ne4 5. Nxe4 dxe4 6. e3 Qb6 7. Qd2 e6 8. a3 Nd7 9. Be2 e5 10. h3 h6 11. Bh4 Nf6 12. dxe5 Nd7 13. e6 Ne5 14. exf7+ Nxf7 15. Bg4 Be7 16. Bxe7 Kxe7 17. Ne2 Rd8 18. Qc3 Kf8 19. Nf4 Rd6 20. c5 Qc7 21. cxd6 Qxd6 22. Rd1 Qf6 23. Qxf6 gxf6 24. Rd4 f5 25. Bh5 c5 26. Rd5 Ke7 27. 0-0 1-0

[Event "COL-chT 21st"]
[Site "Cartagena"]
[Date "2019.11.30"]
[Round "3.4"]
[White "Velasquez, Angie Gabriela"]
[Black "Gomez Guardo, Laura Melissa"]
[Result "1-0"]
[WhiteElo "1784"]
[BlackElo "2013"]
[PlyCount "49"]
[EventDate "2019.11.30"]
[EventType "team-swiss"]
[EventRounds "9"]
[EventCountry "COL"]
[SourceTitle "CBM 195 Extra"]
[Source "ChessBase"]
[SourceDate "2020.05.31"]
[SourceVersion "1"]
[SourceVersionDate "2020.05.31"]
[SourceQuality "1"]
[WhiteTeam "Cudinamarca"]
[BlackTeam "Bolivar"]
[WhiteTeamCountry "COL"]
[BlackTeamCountry "COL"]

1. e4 c5 2. Nf3 d6 3. d4 cxd4 4. Nxd4 Nf6 5. Nc3 a6 6. Bc4 Qc7 7. Bb3 Nc6 8. 0-0 e6 9. Be3 Be7 10. f4 0-0 11. f5 Nxd4 12. Bxd4 e5 13. Be3 b5 14. a3 Bb7 15. Qf3 Kh8 16. Bg5 a5 17. Bxf6 Bxf6 18. Bd5 Rac8 19. Bxb7 Qxb7 20. Rf2 Bd8 21. Kh1 Bb6 22. Rd2 Bd4 23. Nd5 Bxb2 24. Rb1 Bxa3 25. Qg3 1-0

[Event "COL pre olympic sf3"]
[Site "Cartagena"]
[Date "2019.08.19"]
[Round "10"]
[White "Caicedo Anguila, Juliana Andrea"]
[Black "Gomez Guardo, Laura Melissa"]
[Result "1/2-1/2"]
[WhiteElo "1547"]
[BlackElo "1833"]
[PlyCount "104"]
[EventDate "2019.08.14"]
[EventType "swiss"]
[EventRounds "10"]
[EventCountry "COL"]
[SourceTitle "EXT 2020"]
[Source "ChessBase"]
[SourceDate "2019.10.17"]
[SourceVersion "1"]
[SourceVersionDate "2019.10.17"]
[SourceQuality "1"]

1. d4 g6 2. c4 d6 3. Nc3 Bg7 4. e4 Nf6 5. f3 Nbd7 6. Nge2 e5 7. d5 a5 8. g3 Nc5 9. b3 Bd7 10. Bg2 0-0 11. 0-0 Ne8 12. Be3 h6 13. Qd2 Kh7 14. Rab1 f5 15. a3 g5 16. b4 axb4 17. axb4 Na4 18. Ra1 Nxc3 19. Qxc3 Rxa1 20. Rxa1 Nf6 21. Rf1 fxe4 22. fxe4 b6 23. Kh1 Qc8 24. Qc2 Bh3 25. c5 bxc5 26. bxc5 Qg4 27. Nc3 Qh5 28. c6 Ng4 29. Re1 Ra8 30. Bg1 Rf8 31. Nd1 Nf6 32. Ne3 Bc8 33. Rf1 Qg6 34. Nf5 Rf7 35. Nxg7 Kxg7 36. Ba7 Re7 37. Qe2 h5 38. Qf2 Ba6 39. Re1 Rf7 40. Qc2 Bc8 41. Rf1 h4 42. gxh4 gxh4 43. Rg1 Kh7 44. Bf3 Qh6 45. Qe2 Rg7 46. Rxg7+ Qxg7 47. Qg2 Qh6 48. Bb8 Ne8 49. h3 Qc1+ 50. Kh2 Qf4+ 51. Kh1 Qc1+ 52. Kh2 Qf4+ 1/2-1/2

[Event "COL pre olympic sf3"]
[Site "Cartagena"]
[Date "2019.08.18"]
[Round "9"]
[White "Gomez Guardo, Laura Melissa"]
[Black "Castro, Natalia Patricia"]
[Result "0-1"]
[WhiteElo "1833"]
[BlackElo "2064"]
[PlyCount "78"]
[EventDate "2019.08.14"]
[EventType "swiss"]
[EventRounds "10"]
[EventCountry "COL"]
[SourceTitle "EXT 2020"]
[Source "ChessBase"]
[SourceDate "2019.10.17"]
[SourceVersion "1"]
[SourceVersionDate "2019.10.17"]
[SourceQuality "1"]

1. g3 Nf6 2. Bg2 g6 3. d3 Bg7 4. e4 d6 5. Ne2 c6 6. h3 Nbd7 7. c4 Qc7 8. Nbc3 h5 9. Qc2 e5 10. Be3 Nf8 11. a3 Be6 12. f4 Qd7 13. 0-0-0 b6 14. fxe5 dxe5 15. d4 exd4 16. Rxd4 Qc7 17. Bf4 Bh6 18. e5 N6d7 19. Bxh6 Rxh6 20. Qe4 0-0-0 21. Rhd1 Bf5 22. Qxc6 Qxc6 23. Bxc6 Bxh3 24. Nb5 Kb8 25. Rh1 Rc8 26. Bxd7 Bxd7 27. Nd6 Ne6 28. Rd3 Nc5 29. Rc3 Rf8 30. Rf1 Rh7 31. b4 Nb7 32. Nxb7 Kxb7 33. Rf6 Re8 34. Re3 Be6 35. c5 bxc5 36. bxc5 Kc6 37. Rc3 Kd5 38. c6 Kxe5 39. Rf4 Rc8 0-1

[Event "COL pre olympic sf3"]
[Site "Cartagena"]
[Date "2019.08.16"]
[Round "5"]
[White "Ruiz Jaraba, Valentina Sofia"]
[Black "Gomez Guardo, Laura Melissa"]
[Result "0-1"]
[WhiteElo "1676"]
[BlackElo "1833"]
[PlyCount "118"]
[EventDate "2019.08.14"]
[EventType "swiss"]
[EventRounds "10"]
[EventCountry "COL"]
[SourceTitle "EXT 2020"]
[Source "ChessBase"]
[SourceDate "2019.10.17"]
[SourceVersion "1"]
[SourceVersionDate "2019.10.17"]
[SourceQuality "1"]

1. e4 c5 2. Nf3 d6 3. d4 cxd4 4. Nxd4 Nf6 5. Nc3 a6 6. a4 e5 7. Nde2 Be7 8. g3 Be6 9. Bg2 Nc6 10. Nd5 Bxd5 11. exd5 Nb8 12. 0-0 0-0 13. c4 Qc7 14. b3 Nbd7 15. Nc3 Kh8 16. Rb1 Ng8 17. Bh3 f5 18. Qc2 g6 19. Kh1 Rab8 20. Rb2 Bf6 21. Ra2 Bg7 22. Ne2 b5 23. axb5 axb5 24. Be3 Ngf6 25. Rc1 Rfc8 26. Bg2 bxc4 27. Ra7 Rb7 28. Rxb7 Qxb7 29. bxc4 Ng4 30. Rb1 Qa6 31. Qd2 Qxc4 32. Rc1 Qa6 33. Rxc8+ Qxc8 34. Ba7 Qa6 35. Be3 Qa1+ 36. Ng1 Nxe3 37. Qxe3 e4 38. Qg5 Bf6 39. Qd2 Nc5 40. h3 Nd3 41. Kh2 Bd4 42. Qg5 Bf6 43. Qh6 Kg8 44. Ne2 Bg7 45. Qg5 Qf6 46. Qe3 Qe5 47. Qb6 Qxd5 48. Qd8+ Bf8 49. Qb6 Qc5 50. Qb3+ d5 51. Qa2 Bd6 52. Nc3 Nb4 53. Qa8+ Kg7 54. Nd1 Nd3 55. Qa1+ Be5 56. Qa2 d4 57. Qa6 Qd6 58. Qa7+ Kh6 59. Qa2 e3 0-1

[Event "Cartagena zt 2.3 (Women)"]
[Site "Cartagena"]
[Date "2019.07.18"]
[Round "7"]
[White "Gomez Guardo, Laura Melissa"]
[Black "Hoyos Garces, Rosana"]
[Result "1/2-1/2"]
[WhiteElo "1846"]
[BlackElo "1696"]
[PlyCount "75"]
[EventDate "2019.07.14"]
[EventType "swiss"]
[EventRounds "9"]
[EventCountry "COL"]
[SourceTitle "CBM 191 Extra"]
[Source "ChessBase"]
[SourceDate "2019.09.30"]
[SourceVersion "1"]
[SourceVersionDate "2019.09.30"]
[SourceQuality "1"]

1. c4 e6 2. Nc3 Nf6 3. a3 c5 4. e3 Nc6 5. Nf3 Be7 6. d4 d5 7. dxc5 dxc4 8. Qc2 Bxc5 9. Bxc4 0-0 10. 0-0 a6 11. b4 Ba7 12. Ne2 Qe7 13. Bb2 Bd7 14. Ng5 e5 15. Ng3 h6 16. N5e4 Rac8 17. Nxf6+ Qxf6 18. Qb3 Rfe8 19. Ne4 Qg6 20. Rfd1 Bg4 21. f3 Red8 22. Kh1 b5 23. Bxf7+ Qxf7 24. Qxf7+ Kxf7 25. Nd6+ Rxd6 26. Rxd6 Be6 27. Rc1 Ne7 28. Rxa6 Bxe3 29. Rxc8 Nxc8 30. Bxe5 Bd5 31. a4 bxa4 32. Rxa4 Bc6 33. Ra3 Bf2 34. Rc3 Ne7 35. Bd6 Bb5 36. Rc7 Bh4 37. Rc5 Bd3 38. b5 1/2-1/2